La brujería en los pueblos primitivos /

El libro resume los descubrimientos de varios antropólogos sociales que han observado de cerca la especial actuación de la gente cuando se imagina embrujada, patentizando al mismo tiempo desempeñar un papel considerable en las contiendas políticas a pequeña escala.

Збережено в:
Бібліографічні деталі
Автор: Mair, Lucy (autor)
Формат: Книга
Мова:Іспанська
Опубліковано: Madrid, España : Guadarrama, 1969, c1969
Предмети:
Теги: Додати тег
Немає тегів, Будьте першим, хто поставить тег для цього запису!

MARC

LEADER 00000nam^a2200000^a^4500
001 000014789
005 20250521000000.0
009 20260310083955.803
037 |a Acervo ITESO - Biblioteca 
041 |a ESP 
082 |a 306. 4  |b MAI 
100 |a Mair, Lucy  |e (autor) 
245 1 3 |a La brujería en los pueblos primitivos /  |c L. Mair ; tr. por Pilar Martín. 
264 4 |a Madrid, España :  |b Guadarrama,  |c 1969, c1969 
300 |a 252 p. 
336 |a texto  |b txt  |2 rdacontenido 
337 |a sin mediación  |b n  |2 rdamedio 
338 |a volumen  |b nc  |2 rdasoporte 
500 |a Traducción de: Witchcraft 
520 |a El libro resume los descubrimientos de varios antropólogos sociales que han observado de cerca la especial actuación de la gente cuando se imagina embrujada, patentizando al mismo tiempo desempeñar un papel considerable en las contiendas políticas a pequeña escala. 
649 |a XX 
650 |a Brujería 
650 |a Magia 
650 |a Prácticas Culturales 
650 |a Antropología Cultural 
650 |a Sociología de la Cultura 
910 |a Fondo General 
920 |a Impresos - Libros 
930 |a Colección General 
905 |a 101 
901 |a 0147890100  |b IT1  |c ACC  |i 014789  |u 20250521 
902 |a https://opac.biblio.iteso.mx/vufind/Record/000014789